Where's That State? - Statistics

General Stats
  • This quiz has been taken 5 times
  • The average score is 6 of 15
Answer Stats
State Answer % Correct
Victoria Australia
80%
São Paulo Brazil
80%
Saxony Germany
80%
Kansas USA
80%
Andhra Pradesh India
60%
Sabah Malaysia
40%
Quintana Roo Mexico
40%
Nueva Esparta Venezuela
40%
Vorarlberg Austria
20%
Kosrae Federated States of Micronesia
20%
Taninthary Myanmar
20%
Yobe Nigeria
20%
Jubaland Somalia
20%
Jonglei South Sudan
20%
Gezira Sudan
20%
No matching quizzes found
Score Distribution
Percent of People with Each Score
Percentile by Number Answered
Your Score History
You have not taken this quiz